000
00242nam a2200109Ia 4500
008
190216s9999||||xx |||||||||||||| ||und||
100
_a
Null
245
0
_a
Probability And Statitics
260
_b
Mcgraw -hill
650
_a
Commerce
942
_c
BK
999
_c
4836
_d
4836